00499nam a22001457a 450000500170000000800410001702000160005804100130007408200150008710000130010224501250011526000600024030000280030065000250032820231128121159.0231128b |||||||| |||| 00| 0 eng d a9290370467  aEnglish  a340.1 CEN  lEnglish  aAttacks on Justice : bThe Harassment and Persecution of Judges and Lawyers July 1989 - June 1990 / cedited by R Brody  aGeneva : bInternational Commission of Jurists, c1990  b107 pages ; c30,4 cm.  aLegal practice bLaw